Catalog

Record Details

Catalog Search



Sweet Jiminy Cover Image CD Audiobook CD Audiobook

Sweet Jiminy [sound recording] / Kristin Gore.

Gore, Kristin, 1977- (Author). Huber, Hillary. (Added Author).

Summary:

When Jiminy retreats to her grandmother Willa's farm in rural Mississippi, she is shocked to discover there was once another Jiminy---the daughter of her grandmother's longtime housekeeper, Lyn---who was murdered along with Lyn's husband four decades earlier in a civil rights era hate crime. With the help of Lyn's nephew Bo, Jiminy sets out to solve the long-ago murder, to the dismay of those who would prefer to let sleeping dogs lie.

Record details

  • ISBN: 9781452630984
  • ISBN: 1452630984
  • Physical Description: 6 sound discs (7 hr.) : digital ; 4 3/4 in.
  • Edition: Library ed.
  • Publisher: [Old Saybrook, CT] : Tantor Media, Inc., p2011.

Content descriptions

General Note:
Unabridged.
Compact disc.
Duration: 7:00:00.
Participant or Performer Note:
Read by Hillary Huber.
Subject: Hate crimes > Mississippi > Fiction.
Self-realization in women > Fiction.
Farm life > Mississippi > Fiction.
Mississippi > Fiction.
Genre: Mystery fiction.
Audiobooks.

LDR 01645cim a2200373Ia 4500
001137191
003CONS
00520171121072758.0
007sd fungnnmmneu
008101224s2011 ctunnnn f n eng d
020 . ‡a9781452630984
020 . ‡a1452630984
035 . ‡a(CPomAG)LMN566439
050 4. ‡aPS3607.O5965 ‡bS94 2011ab
08204. ‡a813/.6 ‡222
1001 . ‡aGore, Kristin, ‡d1977-
24510. ‡aSweet Jiminy ‡h[sound recording] / ‡cKristin Gore.
250 . ‡aLibrary ed.
260 . ‡a[Old Saybrook, CT] : ‡bTantor Media, Inc., ‡cp2011.
300 . ‡a6 sound discs (7 hr.) : ‡bdigital ; ‡c4 3/4 in.
500 . ‡aUnabridged.
500 . ‡aCompact disc.
500 . ‡aDuration: 7:00:00.
5110 . ‡aRead by Hillary Huber.
520 . ‡aWhen Jiminy retreats to her grandmother Willa's farm in rural Mississippi, she is shocked to discover there was once another Jiminy---the daughter of her grandmother's longtime housekeeper, Lyn---who was murdered along with Lyn's husband four decades earlier in a civil rights era hate crime. With the help of Lyn's nephew Bo, Jiminy sets out to solve the long-ago murder, to the dismay of those who would prefer to let sleeping dogs lie.
650 0. ‡aHate crimes ‡zMississippi ‡vFiction.
650 0. ‡aSelf-realization in women ‡vFiction.
650 0. ‡aFarm life ‡zMississippi ‡vFiction.
651 0. ‡aMississippi ‡vFiction.
655 7. ‡aMystery fiction. ‡2gsafd
655 7. ‡aAudiobooks. ‡2lcgft
7001 . ‡aHuber, Hillary.
959 . ‡i32269000943640 ‡lBK/CD Gor ‡aAdult - Audiobook ‡tAudiobook ‡g82.00
852 . ‡p32269000943640 ‡jBK/CD Gor ‡gAdult - Audiobook ‡cAudiobook ‡y82.00 ‡bSBPL
901 . ‡a137191 ‡bUnknown ‡c137191 ‡tbiblio

Additional Resources